000 00413nam a22001577a 4500
999 _c7753
_d7753
003 OSt
005 20190219153041.0
008 190219b ||||| |||| 00| 0 eng d
040 _cDLC
082 _a155.93
_bS262d
100 _aSauzek, Roy:
245 _aDeath of a Pet/
_b"Mindsets" that Oppose the Truth/
_cwww.takehisheart.com/ heartmin@sutv.com
260 _c1995
300 _a21 p.;
_c19 cm
942 _2ddc
_cBK